[Event "World Cup 2023 Open"]
[Site "Baku, Azerbaijan"]
[Date "2023.08.04"]
[Round "14.21"]
[White "Ponomariov Ruslan (UKR)"]
[Black "Kollars Dmitrij (GER)"]
[Result "1-0"]
[WhiteFideId "14103320"]
[BlackFideId "12909572"]
[WhiteElo "2664"]
[BlackElo "2618"]

1. d4 {[%clk 00:25:18]} d5 {[%clk 00:25:17]} {[%emt 00:00:04]} 2. c4 {[%clk
00:25:24]} {[%emt 00:00:04]} e6 {[%clk 00:25:23]} {[%emt 00:00:04]} 3. Nf3
{[%clk 00:25:25]} {[%emt 00:00:09]} Nf6 {[%clk 00:25:31]} {[%emt 00:00:02]} 4.
g3 {[%clk 00:25:32]} {[%emt 00:00:03]} dxc4 {[%clk 00:25:04]} {[%emt 00:00:37]}
5. Bg2 {[%clk 00:25:38]} {[%emt 00:00:04]} Nc6 {[%clk 00:25:12]} {[%emt
00:00:02]} 6. O-O {[%clk 00:24:58]} {[%emt 00:00:50]} Rb8 {[%clk 00:24:58]}
{[%emt 00:00:25]} 7. e3 {[%clk 00:24:09]} {[%emt 00:00:59]} Be7 {[%clk
00:24:04]} {[%emt 00:01:04]} 8. Qe2 {[%clk 00:23:57]} {[%emt 00:00:22]} b5
{[%clk 00:23:58]} {[%emt 00:00:16]} 9. b3 {[%clk 00:24:05]} {[%emt 00:00:02]}
cxb3 {[%clk 00:23:48]} {[%emt 00:00:20]} 10. axb3 {[%clk 00:24:11]} {[%emt
00:00:03]} O-O {[%clk 00:23:33]} {[%emt 00:00:25]} 11. Bd2 {[%clk 00:24:14]}
{[%emt 00:00:07]} a6 {[%clk 00:22:35]} {[%emt 00:01:09]} 12. Rc1 {[%clk
00:24:16]} {[%emt 00:00:07]} Bb7 {[%clk 00:22:35]} {[%emt 00:00:10]} 13. Ne1
{[%clk 00:23:40]} {[%emt 00:00:47]} Nb4 {[%clk 00:21:13]} {[%emt 00:01:32]} 14.
Bxb7 {[%clk 00:23:04]} {[%emt 00:00:46]} Rxb7 {[%clk 00:21:22]} {[%emt
00:00:01]} 15. Bxb4 {[%clk 00:22:59]} {[%emt 00:00:15]} Bxb4 {[%clk 00:21:30]}
{[%emt 00:00:02]} 16. Rxa6 {[%clk 00:23:03]} {[%emt 00:00:07]} Qd5 {[%clk
00:19:18]} {[%emt 00:02:22]} 17. Qc2 {[%clk 00:22:15]} {[%emt 00:00:58]} Bxe1
{[%clk 00:18:28]} {[%emt 00:01:01]} 18. Rxe1 {[%clk 00:22:24]} {[%emt
00:00:01]} Ne4 {[%clk 00:18:30]} {[%emt 00:00:08]} 19. Nc3 {[%clk 00:21:03]}
{[%emt 00:01:30]} Nxc3 {[%clk 00:18:36]} {[%emt 00:00:04]} 20. Qxc3 {[%clk
00:21:12]} {[%emt 00:00:01]} b4 {[%clk 00:18:44]} {[%emt 00:00:02]} 21. Qc2
{[%clk 00:21:09]} {[%emt 00:00:13]} e5 {[%clk 00:17:11]} {[%emt 00:01:43]} 22.
Rd1 {[%clk 00:20:38]} {[%emt 00:00:41]} Rd8 {[%clk 00:14:12]} {[%emt 00:03:09]}
23. e4 {[%clk 00:14:08]} {[%emt 00:06:40]} Qb5 {[%clk 00:13:02]} {[%emt
00:01:20]} 24. dxe5 {[%clk 00:13:50]} {[%emt 00:00:28]} Rbb8 {[%clk 00:11:49]}
{[%emt 00:01:24]} 25. Ra4 {[%clk 00:10:03]} {[%emt 00:03:57]} Qxe5 {[%clk
00:09:50]} {[%emt 00:02:09]} 26. Rxb4 {[%clk 00:10:04]} {[%emt 00:00:09]} Rxd1+
{[%clk 00:09:43]} {[%emt 00:00:17]} 27. Qxd1 {[%clk 00:10:13]} Re8 {[%clk
00:09:52]} 28. Rc4 {[%clk 00:09:42]} {[%emt 00:00:42]} g6 {[%clk 00:09:43]}
{[%emt 00:00:18]} 29. b4 {[%clk 00:08:22]} {[%emt 00:01:30]} Ra8 {[%clk
00:07:45]} {[%emt 00:02:08]} 30. Kg2 {[%clk 00:08:25]} {[%emt 00:00:07]} h5
{[%clk 00:06:57]} {[%emt 00:00:58]} 31. Qd7 {[%clk 00:06:49]} {[%emt 00:01:46]}
Rb8 {[%clk 00:06:43]} {[%emt 00:00:25]} 32. h4 {[%clk 00:06:12]} {[%emt
00:00:47]} Kg7 {[%clk 00:06:35]} {[%emt 00:00:18]} 33. Qd5 {[%clk 00:03:06]}
{[%emt 00:03:16]} Qxd5 {[%clk 00:06:03]} {[%emt 00:00:42]} 34. exd5 {[%clk
00:03:15]} Rb5 {[%clk 00:06:12]} 35. Kf3 {[%clk 00:03:22]} {[%emt 00:00:03]}
Rxd5 {[%clk 00:05:58]} {[%emt 00:00:24]} 36. Rxc7 {[%clk 00:03:29]} {[%emt
00:00:03]} Rd4 {[%clk 00:05:52]} {[%emt 00:00:16]} 37. b5 {[%clk 00:03:29]}
{[%emt 00:00:11]} Rb4 {[%clk 00:06:00]} {[%emt 00:00:02]} 38. Rc5 {[%clk
00:03:26]} {[%emt 00:00:13]} Kf6 {[%clk 00:06:00]} {[%emt 00:00:09]} 39. Ke3
{[%clk 00:03:28]} {[%emt 00:00:08]} Ke6 {[%clk 00:05:53]} {[%emt 00:00:17]} 40.
Rc6+ {[%clk 00:02:49]} {[%emt 00:00:50]} Kd5 {[%clk 00:05:00]} {[%emt
00:01:02]} 41. Rb6 {[%clk 00:02:50]} {[%emt 00:00:09]} Ke5 {[%clk 00:04:48]}
{[%emt 00:00:22]} 42. Rb7 {[%clk 00:01:48]} {[%emt 00:01:13]} Rb3+ {[%clk
00:04:56]} {[%emt 00:00:02]} 43. Ke2 {[%clk 00:01:28]} {[%emt 00:00:30]} Rb2+
{[%clk 00:05:04]} {[%emt 00:00:02]} 44. Kf3 {[%clk 00:01:29]} {[%emt 00:00:09]}
Rb3+ {[%clk 00:05:10]} {[%emt 00:00:03]} 45. Kg2 {[%clk 00:01:38]} f6 {[%clk
00:04:16]} {[%emt 00:01:04]} 46. b6 {[%clk 00:01:37]} {[%emt 00:00:12]} Kf5
{[%clk 00:03:14]} {[%emt 00:01:12]} 47. Rb8 {[%clk 00:01:44]} {[%emt 00:00:02]}
Kg4 {[%clk 00:02:26]} {[%emt 00:00:58]} 48. b7 {[%clk 00:01:42]} {[%emt
00:00:13]} Kf5 {[%clk 00:02:31]} {[%emt 00:00:04]} 49. f3 {[%clk 00:01:44]}
{[%emt 00:00:08]} Rb2+ {[%clk 00:01:59]} {[%emt 00:00:42]} 50. Kf1 {[%clk
00:01:53]} {[%emt 00:00:01]} Rb3 {[%clk 00:02:03]} {[%emt 00:00:06]} 51. Ke2
{[%clk 00:02:02]} {[%emt 00:00:01]} Rb2+ {[%clk 00:02:11]} {[%emt 00:00:01]} 52.
Kd3 {[%clk 00:02:07]} {[%emt 00:00:05]} Rb4 {[%clk 00:02:16]} {[%emt 00:00:05]}
53. Kc3 {[%clk 00:02:04]} {[%emt 00:00:12]} Rb1 {[%clk 00:02:25]} {[%emt
00:00:01]} 54. Kc4 {[%clk 00:02:08]} {[%emt 00:00:06]} Rb2 {[%clk 00:02:33]}
{[%emt 00:00:02]} 55. Kc5 {[%clk 00:02:12]} {[%emt 00:00:06]} Rb1 {[%clk
00:02:36]} {[%emt 00:00:07]} 56. Kc6 {[%clk 00:02:20]} {[%emt 00:00:01]} Rc1+
{[%clk 00:02:45]} {[%emt 00:00:02]} 57. Kd6 {[%clk 00:02:29]} Rb1 {[%clk
00:02:51]} {[%emt 00:00:04]} 58. Rc8 {[%clk 00:02:13]} {[%emt 00:00:25]} 1-0

[Event "World Cup 2023 Open"]
[Site "Baku, Azerbaijan"]
[Date "2023.08.04"]
[Round "14.22"]
[White "Svane Frederik (GER)"]
[Black "Cheparinov Ivan (BUL)"]
[Result "0-1"]
[WhiteFideId "12923044"]
[BlackFideId "2905540"]
[WhiteElo "2618"]
[BlackElo "2663"]

1. e4 {[%clk 00:25:18]} {[%emt 00:00:01]} e5 {[%clk 00:25:19]} {[%emt
00:00:01]} 2. Nf3 {[%clk 00:25:27]} {[%emt 00:00:01]} Nc6 {[%clk 00:25:28]} 3.
Bb5 {[%clk 00:25:35]} {[%emt 00:00:02]} Nf6 {[%clk 00:25:37]} {[%emt 00:00:01]}
4. d3 {[%clk 00:25:43]} {[%emt 00:00:02]} Bc5 {[%clk 00:25:46]} {[%emt
00:00:01]} 5. Bxc6 {[%clk 00:25:52]} {[%emt 00:00:02]} dxc6 {[%clk 00:25:54]}
{[%emt 00:00:01]} 6. O-O {[%clk 00:26:00]} {[%emt 00:00:02]} Nd7 {[%clk
00:26:03]} 7. c3 {[%clk 00:26:07]} {[%emt 00:00:03]} h6 {[%clk 00:26:06]}
{[%emt 00:00:06]} 8. d4 {[%clk 00:26:12]} {[%emt 00:00:06]} Bd6 {[%clk
00:26:15]} {[%emt 00:00:01]} 9. Be3 {[%clk 00:26:20]} {[%emt 00:00:01]} O-O
{[%clk 00:26:17]} {[%emt 00:00:08]} 10. Nbd2 {[%clk 00:26:29]} {[%emt
00:00:01]} exd4 {[%clk 00:25:05]} {[%emt 00:01:22]} 11. Nxd4 {[%clk 00:23:04]}
{[%emt 00:03:35]} Ne5 {[%clk 00:25:13]} {[%emt 00:00:01]} 12. f4 {[%clk
00:20:26]} {[%emt 00:02:48]} Ng4 {[%clk 00:25:15]} {[%emt 00:00:09]} 13. Qe2
{[%clk 00:19:24]} {[%emt 00:01:12]} Nxe3 {[%clk 00:24:27]} {[%emt 00:00:58]} 14.
Qxe3 {[%clk 00:19:33]} {[%emt 00:00:01]} c5 {[%clk 00:24:34]} {[%emt 00:00:03]}
15. N4f3 {[%clk 00:19:26]} {[%emt 00:00:17]} f5 {[%clk 00:24:05]} {[%emt
00:00:39]} 16. Ne5 {[%clk 00:16:22]} {[%emt 00:03:15]} Bxe5 {[%clk 00:22:39]}
{[%emt 00:01:36]} 17. fxe5 {[%clk 00:16:30]} {[%emt 00:00:01]} Qe7 {[%clk
00:22:48]} 18. exf5 {[%clk 00:13:33]} {[%emt 00:03:08]} Bxf5 {[%clk 00:22:55]}
{[%emt 00:00:03]} 19. Rae1 {[%clk 00:12:51]} {[%emt 00:00:51]} Rad8 {[%clk
00:22:28]} {[%emt 00:00:37]} 20. Rf2 {[%clk 00:12:04]} {[%emt 00:00:58]} b6
{[%clk 00:22:04]} {[%emt 00:00:35]} 21. a3 {[%clk 00:12:07]} {[%emt 00:00:07]}
a5 {[%clk 00:21:50]} {[%emt 00:00:24]} 22. Ref1 {[%clk 00:11:22]} {[%emt
00:00:55]} Qe6 {[%clk 00:20:40]} {[%emt 00:01:19]} 23. h3 {[%clk 00:10:58]}
{[%emt 00:00:34]} Bg6 {[%clk 00:20:31]} {[%emt 00:00:20]} 24. Rxf8+ {[%clk
00:07:44]} {[%emt 00:03:24]} Rxf8 {[%clk 00:20:40]} 25. Rxf8+ {[%clk 00:07:53]}
{[%emt 00:00:01]} Kxf8 {[%clk 00:20:49]} {[%emt 00:00:01]} 26. Nf3 {[%clk
00:07:23]} {[%emt 00:00:40]} Ke7 {[%clk 00:19:14]} {[%emt 00:01:44]} 27. Kf2
{[%clk 00:07:32]} {[%emt 00:00:01]} Qc4 {[%clk 00:18:36]} {[%emt 00:00:48]} 28.
g4 {[%clk 00:06:39]} {[%emt 00:01:03]} Qb3 {[%clk 00:17:23]} {[%emt 00:01:23]}
29. Qe2 {[%clk 00:03:13]} {[%emt 00:03:36]} Qa4 {[%clk 00:16:02]} {[%emt
00:01:31]} 30. Kg3 {[%clk 00:03:08]} {[%emt 00:00:15]} Be4 {[%clk 00:15:03]}
{[%emt 00:01:09]} 31. Nd2 {[%clk 00:01:25]} {[%emt 00:01:53]} Bc6 {[%clk
00:13:50]} {[%emt 00:01:22]} 32. Nf1 {[%clk 00:00:39]} {[%emt 00:00:57]} Bb5
{[%clk 00:12:54]} {[%emt 00:01:06]} 33. Qf3 {[%clk 00:00:34]} {[%emt 00:00:14]}
Bxf1 {[%clk 00:12:34]} {[%emt 00:00:30]} 34. Qxf1 {[%clk 00:00:43]} {[%emt
00:00:01]} Qc2 {[%clk 00:12:25]} {[%emt 00:00:19]} 35. Qb5 {[%clk 00:00:36]}
{[%emt 00:00:17]} Qe4 {[%clk 00:12:23]} {[%emt 00:00:11]} 36. Kf2 {[%clk
00:00:15]} {[%emt 00:00:31]} Qxe5 {[%clk 00:12:13]} {[%emt 00:00:21]} 37. Kg2
{[%clk 00:00:24]} Qe4+ {[%clk 00:12:15]} {[%emt 00:00:07]} 38. Kg3 {[%clk
00:00:34]} {[%emt 00:00:01]} Kd6 {[%clk 00:12:15]} {[%emt 00:00:10]} 39. Qb3
{[%clk 00:00:37]} {[%emt 00:00:07]} Qe5+ {[%clk 00:11:07]} {[%emt 00:01:18]} 40.
Kh4 {[%clk 00:00:12]} {[%emt 00:00:35]} Qe1+ {[%clk 00:09:48]} {[%emt
00:01:29]} 41. Kh5 {[%clk 00:00:22]} Qe8+ {[%clk 00:09:57]} {[%emt 00:00:01]}
42. Kh4 {[%clk 00:00:30]} {[%emt 00:00:02]} g5+ {[%clk 00:10:01]} {[%emt
00:00:06]} 43. Kg3 {[%clk 00:00:39]} {[%emt 00:00:01]} Qe5+ {[%clk 00:09:56]}
{[%emt 00:00:14]} 44. Kf3 {[%clk 00:00:15]} {[%emt 00:00:34]} Qd5+ {[%clk
00:09:22]} {[%emt 00:00:44]} 45. Qxd5+ {[%clk 00:00:24]} {[%emt 00:00:01]} Kxd5
{[%clk 00:09:31]} {[%emt 00:00:01]} 46. h4 {[%clk 00:00:16]} {[%emt 00:00:18]}
gxh4 {[%clk 00:08:54]} {[%emt 00:00:47]} 47. Kg2 {[%clk 00:00:25]} Kc4 {[%clk
00:08:51]} {[%emt 00:00:13]} 48. Kh3 {[%clk 00:00:35]} Kb3 {[%clk 00:09:00]}
{[%emt 00:00:01]} 49. Kxh4 {[%clk 00:00:44]} {[%emt 00:00:01]} Kxb2 {[%clk
00:09:09]} {[%emt 00:00:01]} 50. Kh5 {[%clk 00:00:53]} Kxc3 {[%clk 00:09:05]}
{[%emt 00:00:14]} 51. Kxh6 {[%clk 00:01:02]} {[%emt 00:00:01]} Kb2 {[%clk
00:09:14]} {[%emt 00:00:01]} 0-1

[Event "World Cup 2023 Open"]
[Site "Baku, Azerbaijan"]
[Date "2023.08.04"]
[Round "14.23"]
[White "Indjic Aleksandar (SRB)"]
[Black "Bacrot Etienne (FRA)"]
[Result "0-1"]
[WhiteFideId "911925"]
[BlackFideId "605506"]
[WhiteElo "2619"]
[BlackElo "2662"]

1. Nf3 {[%clk 00:25:16]} {[%emt 00:00:03]} d5 {[%clk 00:25:17]} {[%emt
00:00:04]} 2. c4 {[%clk 00:25:22]} {[%emt 00:00:04]} d4 {[%clk 00:25:22]}
{[%emt 00:00:05]} 3. b4 {[%clk 00:25:28]} {[%emt 00:00:03]} Nf6 {[%clk
00:25:06]} {[%emt 00:00:27]} 4. g3 {[%clk 00:24:52]} {[%emt 00:00:46]} c5
{[%clk 00:25:06]} {[%emt 00:00:10]} 5. Bg2 {[%clk 00:24:58]} {[%emt 00:00:04]}
cxb4 {[%clk 00:25:13]} {[%emt 00:00:03]} 6. a3 {[%clk 00:25:03]} {[%emt
00:00:05]} b3 {[%clk 00:25:21]} {[%emt 00:00:01]} 7. d3 {[%clk 00:24:53]}
{[%emt 00:00:20]} Nc6 {[%clk 00:25:30]} {[%emt 00:00:02]} 8. Nbd2 {[%clk
00:24:53]} {[%emt 00:00:11]} e5 {[%clk 00:25:34]} {[%emt 00:00:06]} 9. O-O
{[%clk 00:24:53]} {[%emt 00:00:09]} Be7 {[%clk 00:25:20]} {[%emt 00:00:23]} 10.
Rb1 {[%clk 00:23:44]} {[%emt 00:01:20]} O-O {[%clk 00:25:27]} {[%emt 00:00:04]}
11. Nxb3 {[%clk 00:23:42]} {[%emt 00:00:12]} Qc7 {[%clk 00:25:12]} {[%emt
00:00:25]} 12. Ne1 {[%clk 00:23:27]} {[%emt 00:00:25]} h6 {[%clk 00:23:50]}
{[%emt 00:01:33]} 13. Nc2 {[%clk 00:23:34]} {[%emt 00:00:02]} Be6 {[%clk
00:20:48]} {[%emt 00:03:12]} 14. Nb4 {[%clk 00:18:18]} {[%emt 00:05:25]} Rab8
{[%clk 00:18:38]} {[%emt 00:02:20]} 15. Nd5 {[%clk 00:18:04]} {[%emt 00:00:24]}
Qd7 {[%clk 00:18:15]} {[%emt 00:00:33]} 16. Nxe7+ {[%clk 00:18:12]} {[%emt
00:00:02]} Qxe7 {[%clk 00:18:20]} {[%emt 00:00:04]} 17. a4 {[%clk 00:18:18]}
{[%emt 00:00:04]} Rfe8 {[%clk 00:16:27]} {[%emt 00:02:03]} 18. a5 {[%clk
00:15:13]} {[%emt 00:03:15]} Qc7 {[%clk 00:16:07]} {[%emt 00:00:30]} 19. Bd2
{[%clk 00:15:05]} {[%emt 00:00:18]} Qc8 {[%clk 00:14:22]} {[%emt 00:01:56]} 20.
Re1 {[%clk 00:12:15]} {[%emt 00:02:59]} Bh3 {[%clk 00:14:30]} {[%emt 00:00:02]}
21. Bh1 {[%clk 00:12:24]} {[%emt 00:00:01]} Nd8 {[%clk 00:11:44]} {[%emt
00:02:56]} 22. Bb4 {[%clk 00:11:03]} {[%emt 00:01:30]} Qc7 {[%clk 00:10:10]}
{[%emt 00:01:45]} 23. Qc1 {[%clk 00:11:12]} {[%emt 00:00:01]} Nc6 {[%clk
00:07:30]} {[%emt 00:02:50]} 24. Bd2 {[%clk 00:10:59]} {[%emt 00:00:23]} Ng4
{[%clk 00:07:11]} {[%emt 00:00:29]} 25. f3 {[%clk 00:09:29]} {[%emt 00:01:40]}
Ne3 {[%clk 00:05:44]} {[%emt 00:01:36]} 26. Bxe3 {[%clk 00:09:37]} {[%emt
00:00:02]} dxe3 {[%clk 00:05:53]} {[%emt 00:00:02]} 27. Qxe3 {[%clk 00:09:46]}
{[%emt 00:00:01]} f5 {[%clk 00:05:59]} {[%emt 00:00:04]} 28. f4 {[%clk
00:08:47]} {[%emt 00:01:08]} e4 {[%clk 00:06:08]} {[%emt 00:00:01]} 29. dxe4
{[%clk 00:08:19]} {[%emt 00:00:39]} fxe4 {[%clk 00:06:16]} {[%emt 00:00:01]} 30.
Ra1 {[%clk 00:07:13]} {[%emt 00:01:16]} Kh8 {[%clk 00:05:52]} {[%emt 00:00:34]}
31. Rec1 {[%clk 00:07:17]} {[%emt 00:00:06]} Rbd8 {[%clk 00:05:55]} {[%emt
00:00:07]} 32. Bg2 {[%clk 00:07:05]} {[%emt 00:00:21]} Bf5 {[%clk 00:05:26]}
{[%emt 00:00:39]} 33. h3 {[%clk 00:06:31]} {[%emt 00:00:44]} Qf7 {[%clk
00:05:29]} {[%emt 00:00:07]} 34. a6 {[%clk 00:06:11]} {[%emt 00:00:30]} b6
{[%clk 00:05:20]} {[%emt 00:00:19]} 35. c5 {[%clk 00:06:20]} b5 {[%clk
00:05:18]} {[%emt 00:00:12]} 36. Rd1 {[%clk 00:06:02]} {[%emt 00:00:28]} Qf6
{[%clk 00:05:04]} {[%emt 00:00:24]} 37. Rac1 {[%clk 00:05:38]} {[%emt
00:00:33]} Nb4 {[%clk 00:04:45]} {[%emt 00:00:30]} 38. Kh2 {[%clk 00:03:51]}
{[%emt 00:01:57]} Qxa6 {[%clk 00:04:25]} {[%emt 00:00:30]} 39. g4 {[%clk
00:03:44]} {[%emt 00:00:17]} Bh7 {[%clk 00:04:01]} {[%emt 00:00:34]} 40. Nd4
{[%clk 00:03:04]} {[%emt 00:00:50]} Nd5 {[%clk 00:03:38]} {[%emt 00:00:33]} 41.
Qg3 {[%clk 00:03:13]} {[%emt 00:00:01]} b4 {[%clk 00:03:40]} {[%emt 00:00:09]}
42. Ra1 {[%clk 00:03:12]} {[%emt 00:00:10]} Qf6 {[%clk 00:03:26]} {[%emt
00:00:25]} 43. e3 {[%clk 00:03:00]} {[%emt 00:00:23]} Nc3 {[%clk 00:03:35]}
{[%emt 00:00:01]} 44. Rd2 {[%clk 00:03:05]} {[%emt 00:00:05]} Rxd4 {[%clk
00:03:23]} {[%emt 00:00:22]} 45. g5 {[%clk 00:02:37]} {[%emt 00:00:38]} Qf7
{[%clk 00:02:50]} {[%emt 00:00:43]} 46. exd4 {[%clk 00:02:23]} {[%emt
00:00:24]} e3 {[%clk 00:02:59]} {[%emt 00:00:01]} 47. Rb2 {[%clk 00:02:32]} a5
{[%clk 00:02:52]} {[%emt 00:00:18]} 48. Rxa5 {[%clk 00:02:19]} {[%emt
00:00:23]} e2 {[%clk 00:02:54]} {[%emt 00:00:08]} 49. Ra1 {[%clk 00:02:28]}
{[%emt 00:00:01]} Nd1 {[%clk 00:02:18]} {[%emt 00:00:46]} 50. Rxe2 {[%clk
00:02:29]} {[%emt 00:00:09]} Rxe2 {[%clk 00:02:26]} {[%emt 00:00:01]} 51. Ra8+
{[%clk 00:01:03]} {[%emt 00:01:36]} Bg8 {[%clk 00:02:34]} {[%emt 00:00:02]} 52.
gxh6 {[%clk 00:00:46]} {[%emt 00:00:27]} gxh6 {[%clk 00:02:29]} {[%emt
00:00:16]} 53. Kg1 {[%clk 00:00:25]} {[%emt 00:00:32]} b3 {[%clk 00:02:26]}
{[%emt 00:00:13]} 54. Qf3 {[%clk 00:00:11]} {[%emt 00:00:24]} Rd2 {[%clk
00:01:21]} {[%emt 00:01:15]} 55. Qd5 {[%clk 00:00:19]} {[%emt 00:00:02]} Qg7
{[%clk 00:01:00]} {[%emt 00:00:31]} 56. Kh1 {[%clk 00:00:13]} {[%emt 00:00:16]}
Nc3 {[%clk 00:00:41]} {[%emt 00:00:29]} 57. Rxg8+ {[%clk 00:00:17]} {[%emt
00:00:06]} Qxg8 {[%clk 00:00:51]} 58. Qe5+ {[%clk 00:00:26]} {[%emt 00:00:01]}
Qg7 {[%clk 00:01:00]} 59. Qe8+ {[%clk 00:00:32]} {[%emt 00:00:04]} Kh7 {[%clk
00:01:06]} {[%emt 00:00:04]} 60. Be4+ {[%clk 00:00:41]} Nxe4 {[%clk 00:01:12]}
{[%emt 00:00:04]} 61. Qxe4+ {[%clk 00:00:50]} {[%emt 00:00:02]} Kg8 {[%clk
00:01:09]} {[%emt 00:00:13]} 62. Qa8+ {[%clk 00:00:22]} {[%emt 00:00:38]} Qf8
{[%clk 00:01:08]} {[%emt 00:00:11]} 63. Qd5+ {[%clk 00:00:26]} {[%emt
00:00:06]} Qf7 {[%clk 00:01:13]} {[%emt 00:00:04]} 64. Qa8+ {[%clk 00:00:12]}
{[%emt 00:00:24]} Kg7 {[%clk 00:01:19]} {[%emt 00:00:04]} 65. Qf3 {[%clk
00:00:18]} {[%emt 00:00:04]} b2 {[%clk 00:01:18]} {[%emt 00:00:11]} 0-1